000 00482nam a2200133Ia 4500
008 150610s9999 xx 000 0 und d
020 _a9789719367123
050 _aBJ1470
_b .Sa55s 2007  
100 _aSanchez, Bo
245 _a8 secrets of the truly rich :
_bhow you can create material wealth and gain spiritual abundance at the same time /
_cBo Sanchez.
260 _aQuezon City : 
_bShepherd's Voice,
_c2007.
300 _a211pages ;
_c22 cm.
520 _aSelf-realization.
999 _c288180
_d288180